00592nam a2200169 i 450000100060000000300090000600500170001500700030003200800410003510000410007624500570011726000550017430000220022985200320025199900170028395201220030077071ES-MaACL20230906173058.0t|041006s1971 sp ||||1| spa d1 aGutiérrez Albelo, Emeterio.96108213aEl rincón de la amistad / cE. Gutiérrez Albelo. aSanta Cruz de Tenerife : b[s.n.], c1971 (fAfra) a152 p. ; c22 cm. aES-MaACLjC-38694 bR.78790 c77071d77071 00104070aATENEOMbATENEOMcDEPO2d2008-01-17eSCl0oC-38694p1080642r2023-02-23 00:00:00w2023-02-23yMONOGRAFIA